000 00963nam a2200241Ia 4500
003 Ost
005 20260507074915.0
008 260507s9999||||xx |||||||||||||| ||und||
020 _a4381408977
040 _cfsecg
041 _aara
082 _a330
100 _aادورانتي، فرانك
_eمؤلف
245 0 _aإدارة المناقصات /
_c فرانك ادورانتي
260 _aالقاهرة:
_bدار الفاروق للاسثمارات الثقافية,
_c2002
300 _a128 صفحة؛
_bإيضاحات ؛
_c24 سم
504 _aملاحق: ص.101
520 _aالقواعد الأساسية لطرح المناقصات، مستندات المناقصة، خطوات المناقصة، بنود العقد، جوانب تقييم العقد، موضوعات أخرى مرتبطة بالمناقصات
653 _aالاستثمار
653 _aالاستراتيجية
653 _aالتخطيط
942 _cكتاب
999 _c41764
_d41764